Archaeology of medieval India (Record no. 394814)

MARC details
000 -LEADER
fixed length control field 00539 a2200205 4500
005 - DATE & TIME
control field 20260401121322.0
008 - FIXED-LENGTH DATA ELEMENTS--GENERAL INFORMATION
fixed length control field 260324b |||||||| |||| 00| 0 eng d
020 ## - ISBN
International Standard Book Number 9789349557550
Price Rs. 1950.00
040 ## - CATALOGING SOURCE
Original cataloging agency VIVEKANANDA LIBRARY
082 ## - DDC NUMBER
Classification number 930.10954
Book Number M414A
100 ## - MAIN ENTRY--PERSONAL NAME
Personal name Madhukar Shripad Mate
245 ## - TITLE STATEMENT
Title Archaeology of medieval India
250 ## - EDITION STATEMENT
Edition statement
260 ## - PUBLICATION, DISTRIBUTION, ETC. (IMPRINT)
Name of publisher, distributor, etc B R Publishing Corporation
Date of publication, distribution, etc 2026
Place of publication, distribution, etc New Delhi
300 ## - PHYSICAL DESCRIPTION
Pages viii,107
650 ## - Subject
Subject Archoeology
650 ## - Subject
Subject Medieval-India
650 ## - Subject
Subject History-Ancient World
942 ## - ADDED ENTRY ELEMENTS (KOHA)
Koha item type Books
Holdings
Withdrawn status Lost status Source of classification or shelving scheme Damaged status Not for loan Location (home branch) Sublocation or collection (holding branch) Shelving location Date acquired Koha issues (times borrowed) Koha full call number Accession No. Koha date last seen Koha item type
    Dewey Decimal Classification     VIVEKANANDA LIBRARY VIVEKANANDA LIBRARY Vivekananda Library 21/01/2026   930.10954 M414A 444604 21/01/2026 Books
© Designed and Maintained by Vivekananda Library, MDU Rohtak